Country focus (Record no. 80962)
[ view plain ]
| 000 -LEADER | |
|---|---|
| fixed length control field | 01065cab a22001935a 4500 |
| 001 - CONTROL NUMBER | |
| control field | L145880 |
| 008 - FIXED-LENGTH DATA ELEMENTS--GENERAL INFORMATION | |
| fixed length control field | 081119e20081114xxkdo f s 000 0 eng d |
| 035 ## - SYSTEM CONTROL NUMBER | |
| System control number | (Sirsi) u145880 |
| 041 0# - LANGUAGE CODE | |
| Language code of text/sound track or separate title | eng |
| 100 1# - MAIN ENTRY--PERSONAL NAME | |
| Personal name | Vasko, Miroslav |
| 245 00 - TITLE STATEMENT | |
| Title | Country focus |
| Remainder of title | Czech Republic |
| 260 ## - PUBLICATION, DISTRIBUTION, ETC. | |
| Date of publication, distribution, etc. | 2008 |
| 490 #0 - SERIES STATEMENT | |
| Series statement | Building |
| Volume/sequential designation | 273 (8554) 14 November 2008, 66-68 (3) |
| 520 ## - SUMMARY, ETC. | |
| Summary, etc. | Shows that the credit crunch did not really have a strong impact on the Czech economy up to now. Suggests a slight slowdown of GDP growth this year, from 6.6% to 4.4%. Inflation is increasing and unemployment rate is at 4.7%, the lowest since mid-nineties. Reports that house prices have increased. Present details of property market. Explains that the construction market had a steady growth for the past 15 years, except between 1997 and 1999. Construction costs increased by 4.6% in 2007. Tables of the Czech economy at glance, the construction industry, and construction costs. |
| 590 ## - LOCAL NOTE (RLIN) | |
| Local note | KA |
| 651 #4 - SUBJECT ADDED ENTRY--GEOGRAPHIC NAME | |
| Geographic name | Czech Republic |
| 690 ## - LOCAL SUBJECT ADDED ENTRY--TOPICAL TERM (OCLC, RLIN) | |
| Topical term or geographic name as entry element | BUILT ENVIRONMENT-CONSTRUCTION MARKET |
| 942 ## - ADDED ENTRY ELEMENTS (KOHA) | |
| Suppress in OPAC | 0 |
| Withdrawn status | Lost status | Source of classification or shelving scheme | Damaged status | Not for loan | Home library | Current library | Shelving location | Date acquired | Total Checkouts | Full call number | Barcode | Date last seen | Copy number | Price effective from | Koha item type |
|---|---|---|---|---|---|---|---|---|---|---|---|---|---|---|---|
| Dewey Decimal Classification | London | London | Journal article | 19/11/2008 | L145880 | 145880-1001 | 06/08/2019 | 1 | 06/08/2019 | Journal article |